| 000 | nam a22 7a 4500 | ||
|---|---|---|---|
| 999 |
_c29642 _d29642 |
||
| 008 | 180427b xxu||||| |||| 00| 0 eng d | ||
| 020 | _a9781111296780 | ||
| 050 | _aLB 2343.3 .D69 2011 | ||
| 100 | _aDowning, Skip. | ||
| 245 |
_aOn course : _bStudy skills plus edition for lone star college / _cSkip Downing. |
||
| 250 | _a1st ed. | ||
| 260 |
_aAustralia : _bCengage learnig, _c2011. |
||
| 300 |
_axix, 364p. : _bill. ; _c23cm. |
||
| 500 | _aInclude index. | ||
| 650 | _aStudy skills. | ||
| 650 | _aLife skills. | ||
| 650 | _aCollege student orientation. | ||
| 942 |
_2lcc _cBOOKS _hLB 2343.3 .D69 2011 |
||